Precolonial India in Practice (Record no. 10067)

MARC details
000 -LEADER
fixed length control field 00658nam a2200241 a 4500
020 ## - INTERNATIONAL STANDARD BOOK NUMBER
ISBN
082 00 - DEWEY DECIMAL CLASSIFICATION NUMBER
Classification number 954.84
Author Cutter TAL
100 ## - MAIN ENTRY--AUTHOR NAME
Author name Talbot, Cynthia
245 ## - TITLE STATEMENT
Title Precolonial India in Practice
Sub title Society, Region, and Identity in Medieval
260 ## - PUBLICATION, DISTRIBUTION, ETC. (IMPRINT)
Place of publication New Dlhi
Name of publisher Oxford University Press
Year of publication 2001
300 ## - PHYSICAL DESCRIPTION
Number of Pages 305p
500 ## - GENERAL NOTE
General note includes index and biblioraphy
505 2# - FORMATTED CONTENTS NOTE
Formatted contents note Notes, References and index
650 ## - SUBJECT ADDED ENTRY--TOPICAL TERM
Topical Term Andhra Pradesh-History
942 ## - ADDED ENTRY ELEMENTS (KOHA)
Koha item type Books
700 1# -
-- Talbot, Cynthia
Holdings
Collection code Home library Current library Date acquired Cost, normal purchase price Full call number Accession Number Koha item type
  Henry Martyn Institute Library Henry Martyn Institute Library 04/11/2007 595.00 954.84 TAL 019959 Books
                   Copyright © 2026 | Henry Martyn Institute | Hyderabad | TS-500052 | INDIA | Implemented by hmi.edu.in
Hit-Count:

Powered by Koha